00536nam a2200169Ia 4500082001900000100001900019245006200038260003600100300002800136504003300164650002500197650003000222650002600252650002900278650002800307650003100335 a307.1416 KUN-; aKundu, Amitabh 0aMeasurement of urban proceses: a study in regionalisation aBombaybPopular Prakashanc1980 axv, 246p.: Maps, Tables aIncludes index, bibliography aUrbanization - India aRegional planning - India aUrban studies - India aSociology, Urban - India aSocial sciences - India aRegional economics - India